书目信息 |
| 题名: |
威尼斯逸事
|
|
| 作者: | 特青厄尔 著 ;张荣昌 译 | |
| 分册: | ||
| 出版信息: | 北京 中国人民大学出版社 2004 |
|
| 页数: | 230页 | |
| 开本: | 23cm | |
| 丛书名: | 西方文化大众精品书系 | |
| 单 册: | ||
| 中图分类: | K546.03 | |
| 科图分类: | ||
| 主题词: | 文化史--威尼斯 | |
| 电子资源: | ||
| ISBN: | 7-300-05673-3 | |
| 000 | 01379nam0 2200349 450 | |
| 000 | 01342nam0 2200337 450 | |
| 000 | 01313nam0 2200337 450 | |
| 000 | 01259nam0 2200313 450 | |
| 000 | 01277nam0 2200301 450 | |
| 000 | 01240nam0 2200289 45 | |
| 001 | TS2006028200 | |
| 005 | 20061228145508.43 | |
| 010 | @a7-300-05673-3@dCNY39.80 | |
| 100 | @a20060829d2004 ekmy0chiy0110 ea | |
| 101 | 1 | @achi@cger |
| 102 | @aCN@b110000 | |
| 105 | @ay z 000yy | |
| 200 | 1 | @a威尼斯逸事@AWei Ni Si Yi Shi@d Nur Venedig ist ein bissl anders@e一座奇特城市的故事和逸闻@EYi Zuo Qi Te Cheng Shi De Gu Shi He Yi Wen@AYi Zuo Qi Te Cheng Shi De Gu Shi He Yi Wen@f(奥) 格哈德·特青厄尔著@F( Ao ) Ge Ha De· Te Qing E Er Zhu@g张荣昌译@zger |
| 210 | @a北京@c中国人民大学出版社@d2004 | |
| 215 | @a230页@c图 (部分彩图), 地图, 肖像@d23cm | |
| 225 | 2 | @a西方文化大众精品书系 |
| 410 | 0 | @12001 @a西方文化大众精品书系 |
| 510 | 1 | @aNur Venedig ist ein bissl anders@zger |
| 517 | 1 | @a一座奇特城市的故事和逸闻@AYi Zuo Qi Te Cheng Shi De Gu Shi He Yi Wen |
| 606 | 0 | @a文化史@y威尼斯 |
| 690 | @aK546.03@v4 | |
| 701 | 1 | @a特青厄尔@ATe Qing E Er@b格哈德@4著 |
| 702 | 0 | @a张荣昌@AZhang Rong Chang@4译 |
| 801 | 0 | @aCN@b中图数据@c20061228 |
| 905 | @a10447@dK546.03@e8 | |
| 威尼斯逸事= Nur Venedig ist ein bissl anders:一座奇特城市的故事和逸闻/(奥) 格哈德·特青厄尔著/张荣昌译.-北京:中国人民大学出版社,2004 |
| 230页:图 (部分彩图), 地图, 肖像;23cm.-(西方文化大众精品书系) |
| ISBN 7-300-05673-3:CNY39.80 |
| ● |
| 相关链接 |
|
|
|
|
正题名:威尼斯逸事
索取号:K546.03/8
 
预约/预借
| 序号 | 登录号 | 条形码 | 馆藏地/架位号 | 状态 | 备注 |
| 1 | 0613170 | 206131700 | 第二样本阅览室/ [索取号:K546.03/8] | 在馆 | |
| 2 | 0613171 | 206131719 | 第二借阅区/ [索取号:K546.03/8] | 在馆 | |
| 3 | 0613172 | 206131728 | 第二借阅区/ [索取号:K546.03/8] | 在馆 | |
| 4 | 0613173 | 206131737 | 第二借阅区/ [索取号:K546.03/8] | 在馆 | |
| 5 | 0613174 | 206131746 | 第二借阅区/ [索取号:K546.03/8] | 在馆 |